• 首页
  • 本馆介绍
  • 公告通知
  • 最新文献
  • 馆藏检索
  • 电子资源
  • 读者导购
  • 参考咨询
  • 我的图书馆
  • 登录
  • 详细信息显示
  • 放入我的书架
  • 预约/预借图书
  • 作者相关作品
  • 分类相关作品
  • 丛书相关作品
  • 出版社相关作品

书目信息

  • 表格格式
  • 工作单格式
  • 卡片格式
题名:
生态文明背景下中国环保产业发展机制研究
    
 
作者: 岳文飞 , 陈曦 编著
分册:  
出版信息: 北京   化学工业出版社  2017.03
页数: 188页
开本: 24cm
丛书名:
单 册:
中图分类: X324.2
科图分类:
主题词: 环保产业--产业发展--研究--中国
电子资源:
ISBN: 978-7-122-28889-9
000 01312nam0 2200241 450
001 4342
005 20181011102621.91
010    @a978-7-122-28889-9@dCNY85.00
100    @a20170524d2017 em y0chiy50 ea
101 0  @achi
102    @aCN@b110000
105    @ay z 000yy
200 1  @a生态文明背景下中国环保产业发展机制研究@9sheng tai wen ming bei jing xia zhong guo huan bao chan ye fa zhan ji zhi yan jiu@dResearch on the development mechanism of environmental protection industry under the background of ecological civilization in China@zeng@f岳文飞,陈曦等编著
210    @a北京@c化学工业出版社@d2017.03
215    @a188页@d24cm
330    @a本书充分运用西方环境经济学和产业经济学理论工具,在分析我国环保产业发展水平的基础上,对我国环保产业发展机制运作动力、发展机制运作结构、发展机制运作方式、发展机制运作特征和发展机制运作对环境质量改善效应进行了深入研究,继而揭示我国环保产业发展机制存在的突出问题,最后给出完善我国环保产业发展机制的对策。
510 1  @aResearch on the development mechanism of environmental protection industry under the background of ecological civilization in China@zeng
606 0  @a环保产业@x产业发展@x研究@y中国
690    @aX324.2@v5
701  0 @a岳文飞@9yue wen fei@4编著
701  0 @a陈曦@9chen xi@4编著
801  0 @aCN@b91MARC@c20170524
905    @aMuseLib@dX324.2@e248
    
    生态文明背景下中国环保产业发展机制研究=Research on the development mechanism of environmental protection industry under the background of ecological civilization in China/岳文飞,陈曦等编著.-北京:化学工业出版社,2017.03
    188页;24cm
    
    
    ISBN 978-7-122-28889-9:CNY85.00
    本书充分运用西方环境经济学和产业经济学理论工具,在分析我国环保产业发展水平的基础上,对我国环保产业发展机制运作动力、发展机制运作结构、发展机制运作方式、发展机制运作特征和发展机制运作对环境质量改善效应进行了深入研究,继而揭示我国环保产业发展机制存在的突出问题,最后给出完善我国环保产业发展机制的对策。
●
相关链接 在E读中查询图书 在五车中查询图书 在当当中查询图书 在豆瓣中查询图书


正题名:生态文明背景下中国环保产业发展机制研究     索取号:X324.2/248         预约/预借

序号 登录号 条形码 馆藏地/架位号 状态 备注
1 1124701   211247015   第二样本阅览室/ [索取号:X324.2/248] 在馆    
2 1124702   211247024   密集书库-生命科学系/ [索取号:X324.2/248] 在馆    
3 1124703   211247033   第三借阅区/ [索取号:X324.2/248] 在馆    
4 1124704   211247042   第三借阅区/ [索取号:X324.2/248] 在馆    
5 1124705   211247051   第三借阅区/ [索取号:X324.2/248] 在馆    
唐山师范学院图书馆 欢迎您!
大连网信软件有限公司© 版权所有